[Event "It (open)"]
[Site "Schwabisch Gmund (Germany)"]
[Round "9"]
[White "Miezis Normunds (LAT)"]
[Black "Fahnenschmidt Gerhard Dr (GER)"]
[Result "1-0"]
[WhiteElo "2501"]
[BlackElo "2281"]

1.c4 e5 2.Nc3 Nc6 3.g3 g6 4.Bg2 Bg7 5.d3 d6 6.e4 f5 7.h4 Nf6 8.h5 Nxh5 9.exf5
Nf6 10.fxg6 hxg6 11.Rxh8+ Bxh8 12.Bg5 Nd4 13.Qd2 c6 14.Nf3 Ne6 15.Bh4 Qb6
16.O-O-O Bg7 17.Ne4 Nxe4 18.dxe4 Bf8 19.Kb1 Qc7 20.Ng5 Nd4 21.Nf3 Nxf3 22.Bxf3
Be6 23.Be2 Qf7 24.f4 Bxc4 25.Bxc4 Qxc4 26.fxe5 Qxe4+ 27.Ka1 d5 28.Rf1 Qg4
29.e6 g5 30.Bxg5 Bb4 31.Rh1 Qf3 32.Rh8+ Bf8 33.Qe1 d4 34.e7 Kf7 35.exf8=Q+
Rxf8 36.Qe7+ Kg6 37.Rh6+ {#r} 1-0

[Event "It (open)"]
[Site "Schwabisch Gmund (Germany)"]
[Round "5"]
[White "Miezis Normunds (LAT)"]
[Black "Lobzhanidze Davit (GEO)"]
[Result "0-1"]
[WhiteElo "2501"]
[BlackElo "2505"]

1.c4 g6 2.Nc3 Bg7 3.g3 e5 4.Bg2 Nc6 5.d3 d6 6.e4 Nge7 7.Nge2 O-O 8.O-O f5
9.Nd5 Nxd5 10.cxd5 Ne7 11.d4 fxe4 12.Bxe4 Bh3 13.Re1 Nf5 14.dxe5 dxe5 15.Qb3
Qf6 16.f4 exf4 17.Bxf4 Rae8 18.d6+ Kh8 19.Qxb7 Nxd6 20.Bxd6 Qf2+ 21.Kh1 cxd6
22.Nf4 Rxf4 23.gxf4 Bg2+ {#R} 0-1

[Event "Ch Slovakia (team) 2001/02 (1 liga) West"]
[Site "Slovakia"]
[Round "6"]
[White "Machalova Maria (SVK)"]
[Black "Detko Jan (SVK)"]
[Result "1-0"]
[WhiteElo "2113"]
[BlackElo "2167"]

1.c4 e5 2.Nc3 Nc6 3.g3 g6 4.Bg2 Bg7 5.d3 d6 6.e3 h5 7.Nge2 h4 8.a3 a5 9.b3
hxg3 10.hxg3 Rxh1+ 11.Bxh1 Bg4 12.Bb2 Kd7 13.Qd2 Qf6 14.Nd5 Qf5 15.Ndc3 Nf6
16.f4 Rh8 17.O-O-O Rh2 18.Bxc6+ bxc6 19.Re1 e4 20.d4 Bf3 21.d5 cxd5 22.Nxd5
Nxd5 23.Bxg7 Ne7 24.Nd4 Qh5 25.Qc3 Qc5 26.Nc2 Nf5 27.Bd4 Nxd4 28.exd4 Qb6
29.Ne3 c6 30.g4 a4 31.b4 Qb8 32.d5 cxd5 33.Nxd5 Qa7 34.Qf6 Qb8 35.Qd4 Qb7
36.Nf6+ Ke6 {#r} 1-0

[Event "Memorial P.Keres (open)"]
[Site "Tallinn (Estonia)"]
[Round "4"]
[White "Miezis Normunds (LAT)"]
[Black "Stepovaia Tatiana (RUS)"]
[Result "1-0"]
[WhiteElo "2501"]
[BlackElo "2435"]

1.c4 e5 2.Nc3 Nc6 3.g3 g6 4.Bg2 Bg7 5.d3 d6 6.e4 Nge7 7.Nge2 O-O 8.O-O f5
9.Nd5 Nxd5 10.cxd5 Ne7 11.d4 fxe4 12.dxe5 dxe5 13.Nc3 Nf5 14.Nxe4 Nd6 15.Ng5
Qf6 16.Qb3 Kh8 17.Be3 Re8 18.Rac1 Re7 19.Ne4 Nxe4 20.Bxe4 Rf7 21.f3 Bf8 22.f4
Bh3 23.Bg2 Bxg2 24.Kxg2 Qf5 25.Kg1 Qe4 26.Rce1 Bb4 27.fxe5 Rxf1+ 28.Rxf1 Rf8
29.Rxf8+ Bxf8 30.Bf2 b6 31.e6 Bg7 32.Qe3 Qa4 33.Qf3 h5 34.d6 {#r} 1-0

[Event "It (open) \"]
[Site "Willingen (Germany)"]
[Round "8"]
[White "Ring Gregor (GER)"]
[Black "Noble Fabian (GER)"]
[Result "0-1"]
[WhiteElo "2016"]
[BlackElo "2060"]

1.c4 e5 2.Nc3 Nc6 3.g3 g6 4.Bg2 Bg7 5.d3 d6 6.Nf3 f5 7.Bg5 Nge7 8.Nd5 O-O
9.Rb1 h6 10.Nxe7+ Nxe7 11.Bc1 a5 12.O-O g5 13.e3 f4 14.exf4 gxf4 15.Nd2 Nf5
16.Ne4 Nd4 17.f3 Kh8 18.Bd2 b6 19.Rf2 Ba6 20.Qc1 d5 21.Nc3 dxc4 22.dxc4 Bxc4
23.gxf4 Bd3 24.Ra1 Nc2 25.fxe5 Nxa1 26.Bxh6 Bxh6 27.Qxh6+ Bh7 28.Ne4 Qd1+
29.Rf1 Qd4+ 30.Nf2 Nc2 31.f4 Qxf4 32.Qxf4 Rxf4 33.Bxa8 Rf5 34.Ng4 Rg5 35.h3
Ne3 36.Re1 Nxg4 37.hxg4 Rxg4+ 38.Kf2 Rg8 39.Ke3 Rxa8 {#R} 0-1

[Event "Ch Hungary (open)"]
[Site "Zalakaros (Hungary)"]
[Round "9"]
[White "Molnar Marton (HUN)"]
[Black "Kercsmarics Jozsef (HUN)"]
[Result "0-1"]
[WhiteElo "1992"]
[BlackElo "2113"]

1.c4 e5 2.g3 d6 3.Bg2 Nc6 4.Nc3 g6 5.d3 Bg7 6.Nf3 Nge7 7.O-O O-O 8.Rb1 a5 9.b3
f5 10.Bb2 h6 11.e3 g5 12.Nb5 Ng6 13.Nd2 Nb4 14.Qe2 Nxa2 15.Ra1 Nb4 16.Bc3 Ra6
17.Ra4 c5 18.Nb1 f4 19.exf4 gxf4 20.Rd1 Qe7 21.Nd2 Bf5 22.Ne4 Rd8 23.Qh5 Rf8
24.Bxb4 cxb4 25.Rda1 Qd8 26.Qe2 Bd7 27.Nexd6 e4 28.Qxe4 Rf6 29.Nxb7 Qf8 30.Rd1
Bc6 31.Qe1 f3 32.Bxf3 Bxf3 33.Nxa5 Bxd1 34.Qxd1 Rxf2 35.Qe1 Raf6 36.Ra1 Ne5
37.Nd4 Nxd3 38.Qd1 Rf1+ 39.Qxf1 Rxf1+ 40.Rxf1 Bxd4+ {#R} 0-1

[Event "Tournament (weekend)"]
[Site "Ceriano Laghetto I(Ttaly)"]
[Date "2001.02.04"]
[Round "5"]
[White "Chilingirova Pavlina (BUL)"]
[Black "Troiani Mauro (ITA)"]
[Result "1-0"]
[WhiteElo "2216"]
[BlackElo "2072"]

1.c4 e5 2.d3 Nc6 3.Nc3 g6 4.g3 Bg7 5.Bg2 d6 6.e3 Nf6 7.Qd2 O-O 8.Nge2 Be6
9.Nd5 Qd7 10.h3 Rab8 11.Nec3 Ne7 12.Nxf6+ Bxf6 13.Ne4 Bg7 14.b3 h6 15.Bb2 f5
16.Nc3 c6 17.Ne2 Rbd8 18.f4 Kh7 19.O-O Qc7 20.Rac1 d5 21.c5 d4 22.fxe5 Bxe5
23.Bxd4 Bxg3 24.Nxg3 Qxg3 25.Rf3 Qc7 26.Qb2 Nd5 27.Be5 Qd7 28.Bd6 Rf7 29.e4
Nf6 30.Rcf1 Ne8 31.Be5 Nc7 32.h4 Nb5 33.h5 gxh5 34.exf5 Rxf5 35.Rxf5 Bxf5
36.Rxf5 Qxd3 37.Rf7+ Kg6 {#r} 1-0

[Event "Tournament (weekend)"]
[Site "Monza (Italy)"]
[Date "2001.03.18"]
[Round "2"]
[White "Whisstock David"]
[Black "Troiani Mauro (ITA)"]
[Result "1-0"]
[WhiteElo "1923"]
[BlackElo "2072"]

1.c4 e5 2.Nc3 Nc6 3.g3 g6 4.Bg2 Bg7 5.d3 d6 6.Nf3 Nf6 7.O-O O-O 8.Bg5 h6 9.Bd2
Be6 10.Qc1 Kh7 11.Rb1 Qd7 12.Re1 Nh5 13.Nd5 Ne7 14.Nh4 c6 15.Nxe7 Qxe7 16.e4
Qd7 17.Qd1 d5 18.Qe2 dxc4 19.dxc4 Bxc4 20.Qxc4 Qxd2 21.Red1 Qa5 22.Rd7 b5
23.Qxc6 Qxa2 24.Rbd1 Qc4 25.Qd6 Qb3 26.Rd3 Qa2 27.Rf3 f6 28.Bh3 Rae8 29.Nxg6
Kxg6 30.Bf5+ {#r} 1-0

[Event "It (open)"]
[Site "Bad Wiessee (Germany)"]
[Date "2001.10.28"]
[Round "2"]
[White "Mulyar Michael A (USA)"]
[Black "Babar Michael (GER)"]
[Result "1-0"]
[WhiteElo "2428"]
[BlackElo "2161"]

1.c4 e5 2.g3 Nc6 3.Bg2 g6 4.Nc3 Bg7 5.d3 d6 6.e4 h5 7.h4 Bg4 8.f3 Be6 9.Nge2
Qd7 10.Be3 Nge7 11.Nd5 f6 12.Qd2 Nd8 13.Qa5 b6 14.Qa3 O-O 15.d4 Nf7 16.Nxf6+
Bxf6 17.d5 Nd8 18.dxe6 Qxe6 19.Qd3 Nb7 20.Nc3 Nc5 21.Qe2 Nc6 22.Nd5 Qf7 23.O-O
Ne6 24.Qd2 Kh7 25.Kh2 Rae8 26.f4 exf4 27.Bxf4 Nxf4 28.Qxf4 Kg7 29.Qd2 Qd7
30.Nxf6 Rxf6 31.Rxf6 Kxf6 32.Bh3 Qe7 33.Qh6 Qxe4 34.Rf1+ Ke5 35.Qg7# 1-0

[Event "It (open)"]
[Site "Andorra"]
[Round "5"]
[White "Bautista Sanchez Joan (ESP)"]
[Black "Caselas Cabanas Jacobo (ESP)"]
[Result "0-1"]
[WhiteElo "2218"]
[BlackElo "2380"]

1.c4 e5 2.Nc3 Nc6 3.g3 d6 4.Bg2 g6 5.d3 Bg7 6.Rb1 Nf6 7.b4 O-O 8.Nf3 h6 9.O-O
a6 10.a4 Be6 11.e3 Qd7 12.b5 axb5 13.axb5 Nd8 14.Qc2 Bh3 15.Bd2 Bxg2 16.Kxg2
Ne6 17.Ra1 Rab8 18.Ra2 Nh5 19.Nh4 Ng5 20.Ne4 Qh3+ 21.Kg1 f5 22.Nxg5 hxg5
23.Nf3 Bf6 24.Bc3 Rf7 25.d4 e4 26.Ne1 Rh7 27.Ng2 Ng7 {#R} 0-1

[Event "It (open)"]
[Site "Bad Zwesten (Germany)"]
[Round "6"]
[White "Hagenauer Joerg (GER)"]
[Black "Frank Wolfgang (GER)"]
[Result "0-1"]
[WhiteElo "2000"]
[BlackElo "2209"]

1.c4 e5 2.Nc3 Nc6 3.g3 g6 4.Bg2 Bg7 5.d3 d6 6.a3 Nf6 7.e3 O-O 8.Qc2 Be6 9.b3
d5 10.Nge2 e4 11.dxe4 dxc4 12.b4 Qd3 13.Ra2 Ng4 14.O-O Rad8 15.h3 Nh6 16.f4 a5
17.b5 Nb4 18.axb4 axb4 19.Nd5 b3 20.Qxd3 cxd3 21.Rd2 dxe2 22.Rxe2 f5 23.Bb2
fxe4 24.Bxg7 Kxg7 25.Nxc7 Bc4 26.Rc1 Bxe2 27.Ne6+ Kg8 28.Nxd8 Bd3 29.Ne6 b2
30.Re1 Ra8 31.Nc5 Ra1 32.Nxd3 exd3 {#R} 0-1

[Event "Olympiad"]
[Site "Bled (Slovenia)"]
[Round "5"]
[White "Van Hoolandt Patrick (MNC)"]
[Black "Kassinopoullos D (CYP)"]
[Result "1-0"]
[WhiteElo "2273"]
[BlackElo "2103"]

1.c4 e5 2.g3 Nc6 3.Bg2 g6 4.Nc3 Bg7 5.d3 d6 6.Rb1 a5 7.a3 Be6 8.Nd5 Bxd5
9.cxd5 Nd4 10.e3 Nf5 11.Qb3 b6 12.Bd2 Nf6 13.Ne2 Nd7 14.Nc3 O-O 15.O-O Nc5
16.Qc4 a4 17.Nb5 Re8 18.Rfd1 Re7 19.Bc3 Nb3 20.Bb4 h5 21.Re1 Bf6 22.Re2 Ng7
23.Nc3 Qd7 24.Ne4 Ne8 25.Nxf6+ Nxf6 26.Rc2 Qf5 27.Rf1 Nc5 28.e4 Qd7 29.f4 Ng4
30.Bh3 Ne3 31.Bxd7 Nxc4 32.Bc6 Ne3 33.Re2 {#r} 1-0

[Event "Olympiad (w)"]
[Site "Bled (Slovenia)"]
[Round "7"]
[White "Caoili Arianne (AUS)"]
[Black "Klinova Masha (ISR)"]
[Result "1-0"]
[WhiteElo "2295"]
[BlackElo "2368"]

1.c4 e5 2.g3 Nc6 3.Bg2 g6 4.Nc3 Bg7 5.d3 d6 6.Rb1 a5 7.a3 f5 8.b4 axb4 9.axb4
Nf6 10.b5 Ne7 11.Qb3 O-O 12.Nf3 Kh8 13.O-O h6 14.c5 g5 15.b6 e4 16.bxc7 Qxc7
17.cxd6 Qxd6 18.dxe4 fxe4 19.Rd1 Qb8 20.Nd4 Qe5 21.Qc4 Ra5 22.Qb4 Nc6 23.Nxc6
bxc6 24.Be3 Ra8 25.Bd4 Qf5 26.Nxe4 Ba6 27.Nxf6 Bxf6 28.Bxc6 Bxe2 29.Bxa8 Bxd1
30.Qxf8+ {#r} 1-0

[Event "Olympiad (w)"]
[Site "Bled (Slovenia)"]
[Round "2"]
[White "Ioseliani Nana (GEO)"]
[Black "Vovk Oksana (DEN)"]
[Result "1-0"]
[WhiteElo "2475"]
[BlackElo "2126"]

1.c4 e5 2.Nc3 d6 3.g3 g6 4.Bg2 Bg7 5.d3 Nc6 6.Rb1 f5 7.e3 f4 8.exf4 Nge7
9.Nge2 O-O 10.O-O Bf5 11.a3 Qd7 12.b4 a6 13.b5 axb5 14.cxb5 Nd8 15.Bb2 Kh8
16.a4 Ra5 17.Ne4 b6 18.fxe5 dxe5 19.d4 Qd5 20.Nd2 Qd7 21.Ra1 exd4 22.Nb3 d3
23.Bxg7+ Kxg7 24.Nxa5 dxe2 25.Qxe2 bxa5 26.Qe5+ Kg8 27.Rad1 Qe8 28.Qxc7 Ne6
29.Qxa5 Ng5 30.f4 Ne4 31.Qb4 Qa8 32.Qxe7 Qxa4 33.Bxe4 Qxe4 34.Qxe4 Bxe4
35.Rfe1 Bf5 36.Re7 {#r} 1-0

[Event "Ch Hessen (seniors)"]
[Site "Bruchkoebel (Germany)"]
[Round "5"]
[White "Laux Gerhard (GER)"]
[Black "Zunker Reinhard Dr (GER)"]
[Result "0-1"]
[WhiteElo "1951"]
[BlackElo "2194"]

1.c4 e5 2.Nc3 Nc6 3.g3 g6 4.Bg2 Bg7 5.d3 d6 6.Nf3 Nge7 7.e4 O-O 8.h4 Bg4 9.Qd2
Qd7 10.Nh2 Bh3 11.f3 Nd4 12.g4 Bxg2 13.Qxg2 f6 14.h5 g5 15.Nf1 h6 16.Ne3 Nec6
17.Nf5 Nb4 18.Nxd4 exd4 19.Nb1 Nxd3+ 20.Kd2 Ne5 21.b3 b5 22.Na3 a6 23.Bb2 c5
24.Rhc1 Rfb8 25.Qf1 Bf8 26.Ke1 Be7 27.Kf2 Bd8 28.Qd1 Ba5 29.Nb1 bxc4 {#R} 0-1

[Event "It (cat.8)"]
[Site "Budapest (Hungary)"]
[Round "11"]
[White "Bui Vinh (VIE)"]
[Black "Fogarasi Tibor (HUN)"]
[Result "1-0"]
[WhiteElo "2461"]
[BlackElo "2460"]

1.c4 e5 2.Nc3 Nc6 3.g3 g6 4.Bg2 Bg7 5.d3 d6 6.e3 Nge7 7.Nge2 O-O 8.Rb1 a5
9.O-O Be6 10.Nd5 Rb8 11.Nec3 Bd7 12.Bd2 Nxd5 13.Nxd5 b6 14.a3 Ne7 15.Nxe7+
Qxe7 16.b4 axb4 17.axb4 b5 18.Qc2 Rfc8 19.Rfc1 c6 20.Ra1 e4 21.Ra7 exd3
22.Qxd3 Bf5 23.Qa3 Bb2 24.Qxb2 Qxa7 25.Qf6 Be6 26.e4 Kf8 27.Bg5 Ke8 28.Rd1 Ra8
29.c5 h6 30.Bxh6 Qe7 31.Qh8+ Kd7 32.Qe5 f6 33.Rxd6+ Ke8 34.Qxe6 Ra1+ 35.Bf1
Qxe6 36.Rxe6+ Kf7 37.Rd6 {#r} 1-0

[Event "Ch Yugoslavia (team)"]
[Site "Budva (Yugoslavia)"]
[Round "0"]
[White "Paunovic Dragan (SRB)"]
[Black "Nataf Igor-Alexandre (FRA)"]
[Result "1-0"]
[WhiteElo "2526"]
[BlackElo "2545"]

1.c4 g6 2.g3 Bg7 3.Bg2 e5 4.Nc3 d6 5.d3 Nc6 6.Nf3 Nf6 7.O-O O-O 8.Bg5 h6
9.Bxf6 Bxf6 10.Rb1 a5 11.a3 Bg7 12.b4 axb4 13.axb4 Re8 14.b5 Nd4 15.Nxd4 exd4
16.Nd5 Ra2 17.Re1 Bg4 18.Bf3 Bd7 19.Qb3 Ra5 20.Qb4 c5 21.Qd2 Ra3 22.b6 Re5
23.Nc7 Bc8 24.Ra1 Rxa1 25.Rxa1 Qd7 26.Ra8 Kh7 27.Nb5 Qe6 {#r} 1-0

[Event "Ch Romania"]
[Site "Curtea de Arges (Romania)"]
[Round "1"]
[White "Minescu Dragos Olivar (ROM)"]
[Black "Nevednichy Vladislav (ROM)"]
[Result "0-1"]
[WhiteElo "2127"]
[BlackElo "2567"]

1.c4 g6 2.Nc3 Bg7 3.g3 e5 4.Bg2 d6 5.d3 Nc6 6.e4 h5 7.h3 h4 8.g4 f5 9.exf5
gxf5 10.gxf5 Bxf5 11.Nge2 Qd7 12.Be3 Nge7 13.Qd2 O-O-O 14.Nd5 Kb8 15.O-O-O
Nxd5 16.cxd5 Ne7 17.Nc3 Rdg8 18.Kb1 a6 19.Ka1 Bf6 20.Bf1 Rg6 21.d4 Rhg8
22.dxe5 Bxe5 23.Bd3 Rg2 24.Bxf5 Nxf5 25.Qd3 Nxe3 26.Qxe3 Qf5 27.Ne4 Re8
28.Rdg1 Bxb2+ 29.Kxb2 Rxe4 30.Rxg2 Rxe3 31.fxe3 Qe5+ {#R} 0-1

[Event "It (open)"]
[Site "Cutro (Italy)"]
[Round "6"]
[White "Van Hoolandt Patrick (MNC)"]
[Black "Lazic Miroljub (SRB)"]
[Result "0-1"]
[WhiteElo "2273"]
[BlackElo "2518"]

1.c4 e5 2.g3 Nc6 3.Bg2 g6 4.Nc3 Bg7 5.d3 d6 6.Rb1 a5 7.a3 f5 8.e3 Nf6 9.Nge2
O-O 10.O-O Kh8 11.b4 axb4 12.axb4 e4 13.d4 Ne7 14.d5 Ng4 15.Nd4 Ne5 16.Qb3 Nd3
17.Bd2 c6 18.f3 exf3 19.Nxf3 Bd7 20.Ne2 Ne5 21.Nfd4 Qb6 22.c5 dxc5 23.bxc5
Qxb3 24.Rxb3 Nxd5 25.Bxd5 cxd5 26.Rxb7 Bc8 27.Rb3 Ba6 28.Re1 Bc4 29.Rb7 Nd3
30.Ne6 Nxe1 31.Bxe1 Ra1 32.Kf1 Bc3 33.Nxf8 Rxe1+ 34.Kf2 Rxe2+ 35.Kf3 Rxh2
36.Ne6 Be5 37.e4 fxe4+ {#R} 0-1

[Event "Czech League 2002/03 (1st)"]
[Site "Czech Republic"]
[Round "3"]
[White "Gschwendtner Stanislav (CZE)"]
[Black "Munk Petr (CZE)"]
[Result "0-1"]
[WhiteElo "2161"]
[BlackElo "2162"]

1.c4 g6 2.Nc3 Bg7 3.g3 e5 4.Bg2 Nc6 5.d3 d6 6.e4 Nge7 7.Nge2 Be6 8.Nd5 O-O
9.O-O Qd7 10.Be3 Nd4 11.Nxd4 exd4 12.Bh6 c6 13.Bxg7 Kxg7 14.Nxe7 Qxe7 15.Qd2
Rab8 16.f4 f6 17.f5 Bd7 18.fxg6 hxg6 19.a4 Qe5 20.b4 a5 21.b5 cxb5 22.axb5 b6
23.Qf4 g5 24.Qd2 Rh8 25.Rf2 Rh6 26.Bf3 g4 27.Bd1 Rbh8 28.Ra2 Qxg3+ 29.Rg2 Qh4
30.Be2 Rg6 31.Ra1 g3 {#R} 0-1

[Event "Ch Netherlands (open)"]
[Site "Dieren (Netherlands)"]
[Round "2"]
[White "Van Der Elburg Freddie (NED)"]
[Black "Visser Yge (NED)"]
[Result "0-1"]
[WhiteElo "2228"]
[BlackElo "2444"]

1.c4 g6 2.g3 Bg7 3.Bg2 e5 4.Nc3 d6 5.d3 Nc6 6.e4 Be6 7.Nge2 Qd7 8.Nd5 Nd8 9.f4
c6 10.Ne3 Ne7 11.O-O O-O 12.d4 exd4 13.Nxd4 f5 14.exf5 Nxf5 15.Ndxf5 Bxf5
16.g4 Be6 17.Be4 Qe7 18.Qd3 Bd7 19.f5 Nf7 20.Bd2 Rae8 21.Bg2 Ne5 22.Qc2 Qh4
23.h3 h5 24.g5 gxf5 25.Nxf5 Bxf5 26.Rxf5 Qd4+ 27.Kh1 Rxf5 28.Qxf5 Qxd2 29.Be4
Rf8 30.Qh7+ Kf7 31.Rf1+ Ke8 32.Qxh5+ Kd8 33.Rxf8+ Bxf8 34.Qh4 Be7 35.Qh8+ Kc7
36.Qh7 Qxg5 {#R} 0-1

[Event "Ch England (team) 2001/02"]
[Site "England"]
[Round "9"]
[White "Snape Ian (ENG)"]
[Black "Howell David WL (ENG)"]
[Result "1-0"]
[WhiteElo "2225"]
[BlackElo "2257"]

1.c4 e5 2.Nc3 Nc6 3.g3 g6 4.Bg2 Bg7 5.d3 d6 6.Rb1 f5 7.e3 Nf6 8.b4 O-O 9.Nge2
g5 10.f4 gxf4 11.gxf4 exf4 12.exf4 Ng4 13.O-O Re8 14.h3 Ne3 15.Bxe3 Rxe3
16.Nd5 Re8 17.b5 Nd4 18.Nxd4 Bxd4+ 19.Kh2 Kh8 20.Qh5 Be6 21.Rbe1 Qd7 22.Qh6
Bg7 23.Qh4 Qf7 24.Bf3 Rec8 25.Rg1 Bd4 26.Rg5 c6 27.Bh5 Qd7 28.Ne7 cxb5 29.Ng6+
hxg6 30.Bxg6+ Kg8 31.Bxf5+ Kf8 32.Bxe6 Qe7 33.Rg8# 1-0

[Event "Ch England (team) 2001/02"]
[Site "England"]
[Round "11"]
[White "Snape Ian (ENG)"]
[Black "Neil David (ENG)"]
[Result "1-0"]
[WhiteElo "2225"]
[BlackElo "2204"]

1.c4 e5 2.Nc3 Nc6 3.g3 g6 4.Bg2 Bg7 5.d3 d6 6.Rb1 Nf6 7.Nf3 O-O 8.O-O Be6
9.Bg5 h6 10.Bxf6 Bxf6 11.Nd5 Bg7 12.b4 Re8 13.b5 Ne7 14.e4 Qc8 15.Rc1 Qd7
16.a4 a5 17.b6 Bxd5 18.cxd5 c5 19.dxc6 bxc6 20.d4 exd4 21.Nxd4 Reb8 22.e5 d5
23.Nxc6 Nxc6 24.Qxd5 Qxd5 25.Bxd5 Rxb6 26.Rxc6 Rxc6 27.Bxc6 Rb8 28.Re1 Rb6
29.Bb5 Bf8 30.f4 Bb4 31.Re2 Kf8 32.Rc2 Rb7 33.Rc8+ Ke7 34.Re8# 1-0

[Event "Ch England (team) 2001/02"]
[Site "England"]
[Round "9"]
[White "Turner Matthew (ENG)"]
[Black "Yeo Michael J (ENG)"]
[Result "1-0"]
[WhiteElo "2519"]
[BlackElo "2251"]

1.c4 Nc6 2.g3 e5 3.Bg2 g6 4.Nc3 Bg7 5.d3 d6 6.e4 Be6 7.f4 Qd7 8.Nf3 Nge7 9.O-O
O-O 10.Be3 Kh8 11.Qd2 f5 12.b3 Rae8 13.Rae1 fxe4 14.dxe4 exf4 15.gxf4 Bh3
16.Nd5 Bxg2 17.Kxg2 Ng8 18.Bf2 Nh6 19.Bg3 Nd8 20.Nh4 Rf7 21.f5 gxf5 22.exf5
Rxe1 23.Qxe1 Nxf5 24.Nxf5 Rxf5 25.Rxf5 Qxf5 26.Qe8+ Qf8 27.Nxc7 Nf7 28.Kf3
Qxe8 29.Nxe8 Be5 30.Ke4 h5 31.Kd5 h4 32.Bxe5+ dxe5 33.c5 Ng5 34.Nd6 Kg8
35.Nxb7 Kf8 36.Nd6 Ke7 37.Nf5+ Kd7 38.Nxh4 e4 39.Nf5 Nh3 40.Kxe4 {#r} 1-0

[Event "Ch Baleares"]
[Site "Formentera (Spain)"]
[Round "3"]
[White "Ducros Salva Antonio (ESP)"]
[Black "Cubas Pons Juan (ESP)"]
[Result "1-0"]
[WhiteElo "2195"]
[BlackElo "2237"]

1.c4 e5 2.Nc3 Nc6 3.g3 g6 4.Bg2 Bg7 5.d3 d6 6.e4 Nge7 7.Nge2 O-O 8.Be3 Nd4
9.O-O c6 10.Qd2 Bh3 11.Nxd4 Bxg2 12.Nxc6 bxc6 13.Kxg2 d5 14.cxd5 cxd5 15.Bc5
dxe4 16.Bxe7 Qxe7 17.dxe4 Rfd8 18.Nd5 Qb7 19.f3 Rab8 20.b3 Bf8 21.Rac1 Ba3
22.Rc4 Rbc8 23.Qg5 Qa6 24.Rd1 Bd6 25.Nb4 Qb6 26.Nc6 {#r} 1-0

[Event "Ch France (team) 2002"]
[Site "France"]
[Round "5"]
[White "Wirig Anthony (FRA)"]
[Black "Kazhgaleyev Murtas (KAZ)"]
[Result "0-1"]
[WhiteElo "2347"]
[BlackElo "2604"]

1.c4 g6 2.g3 Bg7 3.Bg2 e5 4.Nc3 Nc6 5.d3 d6 6.e4 f5 7.Nge2 Nf6 8.Nd5 Nxd5
9.cxd5 Ne7 10.O-O c6 11.dxc6 Nxc6 12.exf5 Bxf5 13.d4 exd4 14.Re1 O-O 15.Qb3+
d5 16.Qxb7 Rc8 17.Nf4 Kh8 18.Nxd5 d3 19.Bd2 Qd7 20.Qa6 Bh3 21.Bxh3 Qxh3 22.Nf4
Qf5 23.Be3 Nb4 24.Qxa7 Nc2 25.Rad1 Nxe1 26.Rxe1 Rfd8 27.Rd1 Qe4 28.Qa6 d2
29.Qe2 g5 30.Nh5 Rc1 31.Nxg7 Qc2 {#R} 0-1

[Event "Ch Germany (seniors)"]
[Site "Freudenstadt (Germany)"]
[Round "3"]
[White "Hillgaertner Walter (GER)"]
[Black "Zunker Reinhard Dr (GER)"]
[Result "0-1"]
[WhiteElo "2049"]
[BlackElo "2194"]

1.c4 g6 2.Nc3 Bg7 3.g3 Nc6 4.Bg2 d6 5.d3 e5 6.e4 Be6 7.Be3 Nf6 8.h3 O-O 9.Nf3
h6 10.O-O Nh5 11.Nh4 Nf4 12.Bxf4 exf4 13.Nf3 fxg3 14.fxg3 Nd4 15.Kh2 c6
16.Nxd4 Bxd4 17.Qd2 Bg7 18.Rad1 Rb8 19.b3 c5 20.Ne2 b5 21.Nf4 Bd7 22.Nd5 Bc6
23.h4 Bxd5 24.cxd5 Kh7 25.Qe2 Be5 26.Bh3 Qxh4 27.Rf3 Kg7 28.Kg2 Qg5 29.Rdf1 a5
30.Qf2 Qe7 31.Qc2 Bd4 32.Qd2 b4 33.Qf4 a4 34.bxa4 Ra8 35.Kh1 Be5 36.Qd2 Rxa4
37.Be6 f6 38.R3f2 Rfa8 39.Rh2 h5 {#R} 0-1

[Event "It (c)"]
[Site "Gausdal (Norway)"]
[Round "1"]
[White "Miezis Normunds (LAT)"]
[Black "Unander Matts (SWE)"]
[Result "1-0"]
[WhiteElo "2483"]
[BlackElo "2214"]

1.c4 e5 2.Nc3 Nc6 3.g3 g6 4.Bg2 Bg7 5.d3 d6 6.e4 f5 7.h4 Nf6 8.h5 Nd4 9.Bg5 c6
10.Nf3 Ne6 11.Bh4 O-O 12.hxg6 hxg6 13.Qd2 f4 14.O-O-O Qb6 15.Kb1 Rf7 16.Bh3
Nh7 17.Rdg1 Nd4 18.Nxd4 exd4 19.Ne2 g5 20.gxf4 gxh4 21.f5 d5 22.e5 Bxf5 23.e6
Bxd3+ 24.Qxd3 Rxf2 25.e7 Qc5 26.Be6+ Kh8 27.Rxh4 {#r} 1-0

[Event "Bundesliga 2002/03 (w)"]
[Site "Germany"]
[Round "1"]
[White "Voiska Margarita (BUL)"]
[Black "Socko Monika (POL)"]
[Result "1-0"]
[WhiteElo "2343"]
[BlackElo "2381"]

1.c4 g6 2.Nc3 Bg7 3.g3 Nc6 4.Bg2 d6 5.d3 e5 6.e4 Be6 7.Nge2 h5 8.h4 Nh6 9.Nd5
O-O 10.Be3 Nd4 11.Nxd4 exd4 12.Bg5 f6 13.Bd2 Bxd5 14.cxd5 Ng4 15.O-O f5
16.exf5 Rxf5 17.Bh3 Qe8 18.Bxg4 hxg4 19.Qxg4 Rxd5 20.Rae1 Qf7 21.Re6 Bf6
22.Rfe1 Rf5 23.Bh6 Kh8 24.Bg5 Bg7 25.Re7 Qxa2 26.Bh6 {#r} 1-0

[Event "Oberliga Northwest 2001/02"]
[Site "Germany"]
[Round "9"]
[White "Wenzel Reinhard (GER)"]
[Black "Kobs Stephan (GER)"]
[Result "1-0"]
[WhiteElo "2254"]
[BlackElo "2021"]

1.c4 g6 2.Nc3 Bg7 3.g3 d6 4.Bg2 e5 5.d3 Nc6 6.Rb1 a5 7.a3 Be6 8.Nd5 Qd7 9.Qa4
Ra6 10.e3 Nge7 11.Ne2 O-O 12.Nec3 f5 13.f4 Re8 14.O-O Raa8 15.Bd2 Bf7 16.Rfc1
Rac8 17.Qb5 Nb8 18.Qxb7 c6 19.Qxd7 Nxd7 20.Nxe7+ Rxe7 21.Na4 Ra8 22.Bxc6 {#r}
1-0

[Event "Olympiad (under 16)"]
[Site "Kuala Lumpur (Malaysia)"]
[Round "9"]
[White "Grecescu Gabriel-Andrei (ROM)"]
[Black "Hafiz Shafruddin (MAS)"]
[Result "1-0"]
[WhiteElo "2204"]
[BlackElo "2130"]

1.c4 e5 2.g3 Nc6 3.Bg2 g6 4.Nc3 Bg7 5.d3 d6 6.Rb1 Nf6 7.b4 Qe7 8.a3 O-O 9.e3
Be6 10.Nd5 Qd7 11.Ne2 Bh3 12.O-O Bxg2 13.Kxg2 Nxd5 14.cxd5 Ne7 15.e4 f5 16.f4
Kh8 17.Bb2 Rac8 18.Qb3 c6 19.dxc6 Rxc6 20.Rbc1 Rfc8 21.Rxc6 Rxc6 22.b5 Rc8
23.a4 Rf8 24.h3 Bf6 25.d4 exd4 26.Nxd4 fxe4 27.Ne6 Rf7 28.Ng5 Rf8 29.Nxe4 Bg7
30.Bxg7+ Kxg7 31.Qb2+ Kf7 32.Re1 Nf5 33.g4 Ng7 34.Nf6 Qd8 35.Qb3+ d5 36.Nxd5
Kg8 37.Re7 Qd6 38.Rd7 Qb8 39.Qc3 {#r} 1-0

[Event "Cup Gold"]
[Site "Merano (Italy)"]
[Round "1"]
[White "Krawinkel Hans-Werner (GER)"]
[Black "Krieger Hermann (GER)"]
[Result "0-1"]
[WhiteElo "1864"]
[BlackElo "2261"]

1.c4 e5 2.Nc3 Nc6 3.g3 g6 4.Bg2 Bg7 5.d3 d6 6.e3 Be6 7.Nge2 Qd7 8.Rb1 Nh6 9.h3
O-O 10.b4 f5 11.Nd5 Nd8 12.Bb2 c6 13.Ndc3 g5 14.h4 Ng4 15.hxg5 Qe7 16.Bc1 Qxg5
17.Qd2 Bh6 18.f4 Qg6 19.Nd1 d5 20.cxd5 cxd5 21.Kf1 Nf7 22.Qe1 Rac8 23.d4 e4
24.Nf2 Nd6 25.Nxg4 fxg4 26.Kf2 Rf7 27.Qg1 Rfc7 28.Qh2 Nf5 29.Re1 Rc2 30.Rb2
Bd7 31.Rxc2 Rxc2 32.a3 Bb5 33.Bf1 Bg7 34.Qh1 h5 35.Qh2 h4 36.Kg1 Bf6 37.gxh4
Nxh4 38.Qg3 Nf3+ {#R} 0-1

[Event "Ch Spain (team) (juniors)"]
[Site "Mondariz (Spain)"]
[Round "3"]
[White "Lara Lopez Jose (ESP)"]
[Black "Gonzalez Merino Francisco (ESP)"]
[Result "0-1"]
[WhiteElo "2107"]
[BlackElo "2169"]

1.c4 e5 2.Nc3 Nc6 3.g3 d6 4.Bg2 g6 5.d3 Bg7 6.e3 Be6 7.Nge2 Qd7 8.Nd5 Nd8 9.e4
c6 10.Ne3 Bh3 11.O-O Bxg2 12.Nxg2 Nf6 13.f4 Qh3 14.Ne3 h5 15.Qe1 Ng4 16.Nxg4
hxg4 17.Qf2 exf4 18.Bxf4 Ne6 19.Be3 O-O-O 20.Qg2 Bh6 21.Bxh6 Qxh6 22.Kh1 Rh7
23.Rf2 Rdh8 24.Rd1 Ng5 25.Ng1 Qg7 26.Rdd2 Qe5 27.Rf4 f5 28.exf5 Nf3 29.Nxf3
gxf3 30.Qf1 gxf5 31.Rxf3 d5 32.c5 d4 33.b4 Rh5 34.Rg2 R8h7 35.Qe2 Rxh2+ {#R}
0-1